| 000 | 00404nam a2200157Ia 4500 | ||
|---|---|---|---|
| 008 | 230711s9999||||xx |||||||||||||| ||und|| | ||
| 041 | _aENG | ||
| 082 |
_a621 _bST-W |
||
| 100 | _aStallings,William | ||
| 245 | 0 | _aWirless communication and networking | |
| 250 | _a2nd Ed. | ||
| 260 |
_c2006 _aNew Delhi _bPHI Learning Private Limited |
||
| 300 | _a559 | ||
| 650 | _aElectronics Engineering | ||
| 942 | _cBK | ||
| 999 |
_c4884 _d4884 |
||